| 000 | 00501nam a2200181 i 4500 | ||
|---|---|---|---|
| 001 | 30670 | ||
| 003 | ES-MaACL | ||
| 005 | 20250716062620.0 | ||
| 007 | t| | ||
| 008 | 030127s1934 fr ||||1| fre d | ||
| 100 | 1 |
_aBatault, Georges. _926407 |
|
| 245 | 1 | 3 |
_aLe pontife de la demagogie _b: Victor Hugo / _cGeorges Batault. |
| 260 |
_aParis : _bPlon, _c1934. |
||
| 300 |
_aVIII, 252 p. ; _c19 cm. |
||
| 600 | 1 | 4 |
_aHugo, Victor, _d1802-1885 _964627 |
| 852 |
_aES-MaACL _jA-2712 |
||
| 999 |
_c30670 _d30670 |
||